| 000 | 00770nam a2200229Ia 4500 | ||
|---|---|---|---|
| 001 | 17001 | ||
| 003 | GE_BSU | ||
| 008 | 181216s||||||||xx |||||||||||||| ||und|| | ||
| 040 | _cGE_BSU | ||
| 080 | _a821.161.1-32 | ||
| 100 | _aდოსტოევსკი, თ.მ. (1821-1881) | ||
| 245 | _aმოთამაშე | ||
| 245 | _bრომანი, მოთხრობები | ||
| 245 | _cთარგმნა რ. ქებულაძემ და პ. წერეთელმა | ||
| 260 | _aთბილისი | ||
| 260 | _bსაბჭ. საქართველო | ||
| 260 | _c1984 | ||
| 300 | _a304გვ. ; 21სმ | ||
| 653 | _aმოთამაშე | ||
| 653 | _aრომანი, მოთხრობები | ||
| 942 | _cBK | ||
| 999 |
_c50063 _d50063 |
||